01120nam a2200301 u 450000100100000000500170001000800410002702000180006804100090008604300120009508200070010724501700011426000450028430000320032949000250036150000720038665000420045865000410050065000350054165000350057665000300061170000330064170000160067470000240069070000370071470000340075170000330078500006294020200120224303.0140801s2012 ag a gr| 000 0 spa d a97895888416010 aYspa aa-g----0422110aSapos y diamantes :bEuropa - América - África /cselección de textos Ruth Kaufman ; ilustraciones Eleonora Arroyo ... [et al.] ; traducción Adriana Ramponi. aBuenos Aires :bPequeño editor,c2012. a45 p. :bil. col. :e22 cm. 0aCuentos del globop1 aLas hadas ; Los dos hermanos y el Coquena ; Las calabazas de Kouss.17aCuentos infantilesxColecciones2LEMB27aLibros ilustrados para niños2LEMB27aCultura en la literatura2LEMB27aFamilia en la literatura2LEMB27aAnimales en la literatura1 aPerrault, Charlesd1628-17031 aCruz, Luisa1 aDiop, Biragod1906-1 aKaufman, Ruthd1961ecompiladora1 aArroyo, Eleonoraeilustradora1 aRamponi, Adrianaetraductora